| 000 | 00435nam a22001697a 4500 | ||
|---|---|---|---|
| 005 | 20180201122823.0 | ||
| 008 | 160427b xxu||||| |||| 00| 0 eng d | ||
| 020 | _a81-259-1074-3 | ||
| 041 | _aeng | ||
| 082 |
_b00431 _a004 |
||
| 100 |
_aDewan, Bhushan _9139 |
||
| 245 | _aManaging Information Technology | ||
| 260 |
_aNew Delhi _bVikas Publishing House, _c2004 |
||
| 300 | _a319 | ||
| 650 |
_aInformation Technology _9137 |
||
| 942 | _cBK | ||
| 999 |
_c131 _d131 |
||